书目信息 |
| 题名: |
太阳能光伏照明手册
|
|
| 作者: | 田力文 主编 | |
| 分册: | ||
| 出版信息: | 北京 化学工业出版社 2011.01 |
|
| 页数: | 385页 | |
| 开本: | 26cm | |
| 丛书名: | ||
| 单 册: | ||
| 中图分类: | TU113.6-62 | |
| 科图分类: | ||
| 主题词: | 太阳能发电--应用--技术手册 | |
| 电子资源: | ||
| ISBN: | 978-7-122-09295-3 | |
| 000 | 01120nam 2200217 450 | |
| 001 | 285585 | |
| 005 | 20171222101157.91 | |
| 010 | @a978-7-122-09295-3@dCNY80.00 | |
| 100 | @a20111201d2002 ekmy0chiy0121 ea | |
| 101 | @achi | |
| 102 | @aCN@b110000 | |
| 105 | @aa z 000yy | |
| 200 | 1 | @a太阳能光伏照明手册@Atai yang neng guang fu zhao ming shou ce@f田力文主编 |
| 210 | @a北京@c化学工业出版社@d2011.01 | |
| 215 | @a385页@c图@d26cm | |
| 330 | @a本书系统地介绍了太阳能光伏照明的原理、技术、装置及其施工与管理。内容包括:太阳能光伏发电技术、太阳能光伏照明装置的原理及部件(太阳电池、蓄电池、控制器、逆变器、配电设备、电光源及其附件、灯具及相关配件);太阳能光伏照明装置的设计(照明设计基础、太阳能道路照明装置、太阳能庭院及景观照明装置、太阳能草坪灯照明装置、太阳能航标灯照明装置、太阳能交通信号照明装置、太阳能广告标识照明装置、太阳能杀虫灯、小型太阳能光伏照明电器);太阳能光伏照明装置的安装施工、验收、维护与管理;太阳能光伏照明工程案例;混合能源照明装置 | |
| 606 | 0 | @a太阳能发电@x应用@j技术手册 |
| 690 | @aTU113.6-62@v5 | |
| 701 | 0 | @a田力文@Atian li wen@4主编 |
| 801 | 0 | @aCN@c20111201 |
| 905 | @dTU113.6-62@eT630 | |
| 太阳能光伏照明手册/田力文主编.-北京:化学工业出版社,2011.01 |
| 385页:图;26cm |
| ISBN 978-7-122-09295-3:CNY80.00 |
| 本书系统地介绍了太阳能光伏照明的原理、技术、装置及其施工与管理。内容包括:太阳能光伏发电技术、太阳能光伏照明装置的原理及部件(太阳电池、蓄电池、控制器、逆变器、配电设备、电光源及其附件、灯具及相关配件);太阳能光伏照明装置的设计(照明设计基础、太阳能道路照明装置、太阳能庭院及景观照明装置、太阳能草坪灯照明装置、太阳能航标灯照明装置、太阳能交通信号照明装置、太阳能广告标识照明装置、太阳能杀虫灯、小型太阳能光伏照明电器);太阳能光伏照明装置的安装施工、验收、维护与管理;太阳能光伏照明工程案例;混合能源照明装置 |
| ● |
| 相关链接 |
|
|
|
正题名:太阳能光伏照明手册
索取号:TU113.6-62/T630
 
预约/预借
| 序号 | 登录号 | 条形码 | 馆藏地/架位号 | 状态 | 备注 |
| 1 | 1049164 | 210491644 | 建筑库101/101建筑库 26排1列5层/ [索取号:TU113.6-62/T630] | 在馆 | |
| 2 | 1049165 | 210491653 | 建筑库101/101建筑库 26排1列5层/ [索取号:TU113.6-62/T630] | 在馆 | |
| 3 | 1049166 | 210491662 | 建筑库101/101建筑库 26排1列5层/ [索取号:TU113.6-62/T630] | 在馆 | |
| 4 | 1231487 | 212314878 | 能源与建筑环境工程学院资料室/ [索取号:TU113.6-62/T630] | 在馆 |